The noble scholar, jurist, historian


 His Excellency Dr. Abdul Wahhab bin Ibrahim Abu Sulaiman, may Allah have mercy on him.


 He was born in Umm Al-Qura in the year 1356 AH.

الفتاوى والدروس في المسجد الحرام / (Record no. 7441)

MARC details
000 -LEADER
fixed length control field 01623cam a22003371i 4500
003 - CONTROL NUMBER IDENTIFIER
control field SA-RiAUC
005 - DATE AND TIME OF LATEST TRANSACTION
control field 20250428081125.0
008 - FIXED-LENGTH DATA ELEMENTS--GENERAL INFORMATION
fixed length control field 250425s2012____su g 000 0 ara c
020 ## - INTERNATIONAL STANDARD BOOK NUMBER
International Standard Book Number 9786038034118
040 ## - CATALOGING SOURCE
Original cataloging agency SA-MaBBL
Language of cataloging ara
Transcribing agency SA-RiAUC
Description conventions rda
043 ## - GEOGRAPHIC AREA CODE
Geographic area code a-su---
082 04 - DEWEY DECIMAL CLASSIFICATION NUMBER
Classification number 259
Assigning agency SA-RiAUC
090 ## - LOCALLY ASSIGNED LC-TYPE CALL NUMBER (OCLC); LOCAL CALL NUMBER (RLIN)
Classification number (OCLC) (R) ; Classification number, CALL (RLIN) (NR) 259
Local cutter number (OCLC) ; Book number/undivided call number, CALL (RLIN) ا ب ن ح
100 1# - MAIN ENTRY--PERSONAL NAME
Personal name ابن حميد، عبد الله بن محمد بن عبد العزيز،
Dates associated with a name 1329-1402 هجري
Relator term مؤلف.
245 12 - TITLE STATEMENT
Title الفتاوى والدروس في المسجد الحرام /
Statement of responsibility, etc. عبد الله بن محمد بن حميد ؛ قدم وأشرف عليه صالح بن عبد الله بن حميد ؛ اعتنى به إبراهيم بن علي الحمدان.
250 ## - EDITION STATEMENT
Edition statement الطبعة الثانية، مصححة ومزيدة.
264 #1 - PRODUCTION, PUBLICATION, DISTRIBUTION, MANUFACTURE, AND COPYRIGHT NOTICE
Place of production, publication, distribution, manufacture الرياض :
Name of producer, publisher, distributor, manufacturer مكتبة دار المنهاج،
Date of production, publication, distribution, manufacture, or copyright notice 2012
264 #2 - PRODUCTION, PUBLICATION, DISTRIBUTION, MANUFACTURE, AND COPYRIGHT NOTICE
Place of production, publication, distribution, manufacture مصر :
Name of producer, publisher, distributor, manufacturer دار السلام للطباعة والنشر والتوزيع والترجمة
300 ## - PHYSICAL DESCRIPTION
Extent 1016 صفحة ؛
Dimensions 24 سم.
336 ## - CONTENT TYPE
Content type term نص
Content type code txt
Source rdacontent
Materials specified كتاب
337 ## - MEDIA TYPE
Media type term بدون وسيط
Media type code n
Source rdamedia
338 ## - CARRIER TYPE
Carrier type term مجلد
Carrier type code nc
Source rdacarrier
490 0# - SERIES STATEMENT
Series statement منشورات مكتبة دار المنهاج للنشر والتوزيع ؛
Volume/sequential designation 86
563 ## - BINDING INFORMATION
Binding note تجليد شمواه.
610 27 - SUBJECT ADDED ENTRY--CORPORATE NAME
Corporate name or jurisdiction name as entry element المسجد الحرام
Source of heading or term aucnm
650 #7 - SUBJECT ADDED ENTRY--TOPICAL TERM
Topical term or geographic name entry element الفقه الإسلامي
Source of heading or term aucsh
700 1# - ADDED ENTRY--PERSONAL NAME
Personal name ابن حميد، صالح بن عبد الله،
Dates associated with a name 1369 هجري-
Relator term مقدم.
700 1# - ADDED ENTRY--PERSONAL NAME
Personal name الحمدان، إبراهيم بن علي
Relator term مراجع.
942 ## - ADDED ENTRY ELEMENTS (KOHA)
Source of classification or shelving scheme Dewey Decimal Classification
Koha item type Books
Suppress in OPAC No
949 ## - LOCAL PROCESSING INFORMATION (OCLC)
a SA-JeALM
d 250425
u mohamedma123
n 1
Holdings
Withdrawn status Lost status Source of classification or shelving scheme Damaged status Not for loan Home library Current library Date acquired Total checkouts Full call number Barcode Date last seen Price effective from Koha item type
    Dewey Decimal Classification     DR AbdElwahab Library DR AbdElwahab Library 04/28/2025   259 ا ب ن ح 000012384 04/28/2025 04/28/2025 Books